000 00883nam a2200265 c 4500
001 000030421
003 RuMoIPM
005 20260427113602.0
008 230210s1966 ru ||||||| |||| ||rus d
035 _a(RuMoBEN) 001998871
035 _a(ELAR retro) [2022] 000084951
035 _a(RuMoBEN-CBP Bibliobus) 114837
040 _aRuMoBEN
_brus
_ercr
041 0 _arus
044 _aru
080 _a519.6(07)
080 _a681.3(07)
084 _aГРНТИ : 27.41
100 1 _aМихельсон, Владимир Соломонович
245 1 0 _aЭлементы вычислительной математики
_b[Учебное пособие для техникумов]
_cВ. С. Михельсон
250 _a2-е изд., перераб. и доп.
260 _aМосква
_bВысшая школа
_c1966
300 _a275 с.
_bил.
942 _cBK
999 _c30421
_d30421